000 00455nam a22001337a 4500
005 20260205101409.0
008 260205b |||||||| |||| 00| 0 eng d
100 _aVeena Jayakrishnan
245 _aGeotechnical characterization and seismic response studies of coastal sand deposits in Kerala
260 _aKochi
_bDivision of Civil Engineering, School of Engineering, CUSAT
_c2025
300 _axv,175p.
700 _aGuided by Beena K. S.
942 _cOO
999 _c115173
_d115172